[Event "XXX Zalakaros Open"]
[Site "Zalakaros HUN"]
[Date "2011.05.23"]
[Round "4"]
[White "Nagy,Ga1"]
[Black "Bokros,A"]
[Result "1-0"]
[WhiteElo "2373"]
[BlackElo "2483"]

1.e4 c5 2.Nf3 Nc6 3.d4 cxd4 4.Nxd4 Qb6 5.Nb3 Nf6 6.Bd3 e6 7.Be3 Qc7 8.f4 d5
9.e5 Nd7 10.N1d2 a6 11.O-O Be7 12.Qh5 g6 13.Qh6 Bf8 14.Qh3 b6 15.c4 Nc5 16.Nxc5 bxc5
17.Rae1 Ne7 18.Bc2 Bg7 19.Ba4+ Kf8 20.Bc2 Rb8 21.b3 h6 22.Bf2 Qa5 23.Qd3 Kg8
24.h4 Kh7 25.Rd1 Rd8 26.Ne4 Nc6 27.Nxc5 Nb4 28.Qc3 d4 29.Rxd4 Rxd4 30.Bxd4 Qxa2
31.Be4 Qe2 32.Re1 Qg4 33.g3 Bf8 34.Kg2 Be7 35.Bf3 Qf5 36.Ne4 Bb7 37.g4 Qxf4
38.Be3 Qxe4 39.Bxe4 Bxe4+ 40.Kg3 Nc2 41.Ba7 Bb4 42.Bxb8 Bxc3 43.Rxe4 Nd4
44.Re3 Bd2 45.Rd3 Be1+ 46.Kf4 Nc6 47.Bd6 a5 48.h5 Kg7 49.Bc5  1-0

[Event "Nis Open 2011"]
[Site "Nis SRB"]
[Date "2011.05.24"]
[Round "1.11"]
[White "Gagic,M"]
[Black "Djukic,Sa"]
[Result "0-1"]
[WhiteElo "1865"]
[BlackElo "2202"]

1.e4 c5 2.Ne2 Nc6 3.d4 cxd4 4.Nxd4 Qc7 5.Nc3 e6 6.Be2 a6 7.O-O Nf6 8.Kh1 Bb4
9.Nxc6 bxc6 10.Qd3 d5 11.Bg5 Bb7 12.f4 Qa5 13.Bxf6 gxf6 14.Bf3 Rd8 15.Qd4 Be7
16.Qf2 Qc5 17.Qxc5 Bxc5 18.Rad1 O-O 19.g3 Kg7 20.Ne2 a5 21.exd5 cxd5 22.Nc1 Ba6
23.Be2 Bxe2 24.Nxe2 f5 25.Rf3 Rb8 26.Rc3 Rfc8 27.Rb3 a4 28.Rxb8 Rxb8 29.b3 Ra8
30.Nc3 axb3 31.cxb3 Bb4 32.Rd3 Bxc3 33.Rxc3 Rxa2 34.b4 Rb2  0-1

[Event "63rd ch-MNE"]
[Site "Tivat MNE"]
[Date "2011.05.28"]
[Round "8.1"]
[White "Krivokapic,M"]
[Black "Djukic,Ni"]
[Result "1/2-1/2"]
[WhiteElo "2413"]
[BlackElo "2486"]

1.e4 c5 2.Nf3 Nc6 3.d4 cxd4 4.Nxd4 Qc7 5.Nc3 e6 6.Be3 a6 7.Be2 Nf6 8.O-O Be7
9.f4 d6 10.Kh1 O-O 11.Qe1 Nxd4 12.Bxd4 b5 13.a3 Nd7 14.Qg3 Bf6 15.Bxf6 Nxf6
16.Bd3 Bb7 17.Rae1 Nd7 18.e5 dxe5 19.fxe5 Nc5 20.Rf4 Nxd3 21.cxd3 Rad8 22.d4 f6
23.exf6 Rxf6 24.Rxf6 Qxg3 25.hxg3 gxf6 26.Rxe6 Rxd4 27.Re7 Bc6 28.Re6 Bb7
29.Re7 Bc6  1/2-1/2

[Event "Scandinavian Chess Tournament"]
[Site "Stockholm SWE"]
[Date "2011.06.02"]
[Round "2"]
[White "Marklund,Gu"]
[Black "Blechzin,I"]
[Result "0-1"]
[WhiteElo "2057"]
[BlackElo "2478"]

1.e4 c5 2.Nf3 Nc6 3.d4 cxd4 4.Nxd4 Qb6 5.Nb3 Nf6 6.Nc3 e6 7.Be3 Qc7 8.a3 a6
9.Qd2 b5 10.f3 Ne5 11.Nd4 b4 12.Nb1 d5 13.axb4 dxe4 14.Bb5+ Bd7 15.Bxd7+ Qxd7
16.c3 Nd5 17.Na3 Nd3+ 18.Ke2 e5 19.Ndc2 Rd8 20.h3 exf3+ 21.gxf3 N5f4+ 22.Kf1 Qb7
23.Ne1 Nxe1 24.Qxe1 Qxf3+  0-1

[Event "Haspa-Schachpokal 2011 GpA"]
[Site "Bargteheide GER"]
[Date "2011.06.04"]
[Round "5.10"]
[White "Mantau,J"]
[Black "Fartmann,B"]
[Result "1/2-1/2"]
[WhiteElo "2219"]
[BlackElo "2061"]

1.e4 c5 2.Nf3 Nc6 3.d4 cxd4 4.Nxd4 Qb6 5.Nb3 Nf6 6.Nc3 e6 7.Be3 Qc7 8.Bd3 d6
9.f4 a6 10.a4 b6 11.O-O Be7 12.Qf3 Bb7 13.Qh3 h5 14.Kh1 Ng4 15.Bg1 Bf6 16.Be2 g6
17.Rad1 Nb4 18.Nd2 Rc8 19.Nc4 d5 20.exd5 Bxd5 21.Nxb6 Bxc3 22.bxc3 Qxc3 23.Bxg4 hxg4
24.Qxc3 Rxc3 25.Nxd5 Nxd5 26.Bd4 Rh5 27.Bxc3 Nxc3 28.Rd3 Nxa4 29.Rg3 Rc5
30.Rxg4 Nc3 31.Rg3 a5 32.Rd3 Nd5 33.c3 Kd7 34.g3 Kc6 35.Rb1 Nxc3 36.Rc1 Nd5
37.Rxc5+ Kxc5 38.Kg2 Kc4 39.Ra3 Kb4 40.Ra1 a4 41.Kf3 a3 42.g4 Kb3 43.h4 a2
44.f5 Kb2 45.Rxa2+ Kxa2 46.fxg6 fxg6 47.Ke4 Nf6+ 48.Ke5  1/2-1/2

[Event "TCh-SLO"]
[Site "Maribor SLO"]
[Date "2011.06.04"]
[Round "5"]
[White "Roskar,R"]
[Black "Simic,Draga SLO"]
[Result "1-0"]
[WhiteElo "2279"]
[BlackElo "2310"]

1.e4 c5 2.Nf3 Nc6 3.d4 cxd4 4.Nxd4 Qc7 5.Nc3 e6 6.Be3 a6 7.Bd3 Nf6 8.O-O Ne5
9.h3 Bc5 10.Kh1 d6 11.f4 Ng6 12.Qe1 O-O 13.f5 Ne5 14.Qg3 Kh8 15.Rae1 Bd7
16.Qh4 Rae8 17.Bg1 Nxd3 18.cxd3 e5 19.Nf3 Bc6 20.g4 Qd8 21.g5 Nd7 22.Nh2 f6
23.g6 h6 24.Ng4 Re7 25.Be3 Bxe3 26.Rxe3 Kg8 27.Rg3 Nb6 28.Rfg1 Qd7 29.Nxh6+ gxh6
30.Qxh6 Rg7 31.Kh2 Re8 32.Rg4 Qd8 33.Rh4 Kf8 34.Ne2 Nd7 35.Ng3 d5 36.Nh5 Qe7
37.Nxg7 Qxg7 38.Qd2 Re7 39.Rh7 Qg8 40.Qb4  1-0

[Event "20th ICSC TCh-EUR Club"]
[Site "Liverpool ENG"]
[Date "2011.06.09"]
[Round "2"]
[White "Schmid,Ja"]
[Black "Strzelecki,J"]
[Result "0-1"]
[WhiteElo "2091"]
[BlackElo "2155"]

1.e4 c5 2.Nf3 Nc6 3.d4 cxd4 4.Nxd4 Qc7 5.Nc3 e6 6.Be3 Nf6 7.Be2 g6 8.O-O d6
9.Qd2 Be7 10.Kh1 O-O 11.f4 Re8 12.Rad1 Bf8 13.Nb3 b5 14.a3 Rb8 15.Bf3 Nd7
16.Qf2 Nb6 17.Nd2 Na5 18.Be2 Nac4 19.Nxc4 Nxc4 20.Bxc4 Qxc4 21.Qe2 Qxe2 22.Nxe2 b4
23.a4 Bd7 24.b3 Rec8 25.Rd2 Bc6 26.Ng3 h5 27.Re1 Rb7 28.Bd4 h4 29.Nf1 Be7
30.h3 f5 31.exf5 exf5 32.Ne3 Be4 33.Rf2 Kf7 34.Rd1 Rbc7 35.Rdd2 a6 36.Kh2 Ke6
37.g4 hxg3+ 38.Kxg3 d5 39.h4 Bc5 40.Bxc5 Rxc5 41.h5 Rc3 42.Rfe2 gxh5 43.Kh4 Rd8
44.Rd4 a5 45.Kg3 Rd7 46.Kf2 h4 47.Rd1 d4 48.Nc4 h3 49.Kg1 Rg3+ 50.Kh2 Rg2+
51.Rxg2 hxg2  0-1

[Event "TCh-BIH 2011"]
[Site "Neum BIH"]
[Date "2011.06.10"]
[Round "7.3"]
[White "Bilic,V"]
[Black "Kurajica,B"]
[Result "0-1"]
[WhiteElo "2307"]
[BlackElo "2531"]

1.e4 c5 2.Nf3 Nc6 3.d4 cxd4 4.Nxd4 Qb6 5.Nb3 Nf6 6.Nc3 e6 7.Be3 Qc7 8.Bd3 Bb4
9.O-O Bxc3 10.bxc3 d5 11.exd5 Nxd5 12.Bc5 b6 13.Ba3 Bb7 14.c4 Nf4 15.Be4 Rd8
16.Qg4 f5 17.Bxf5 exf5 18.Rfe1+ Kf7 19.Qxf5+ Kg8 20.Rad1 Qf7 21.Rxd8+ Nxd8
22.Qxf7+ Kxf7 23.Re7+ Kg6 24.f3 Nfe6 25.Kf2 a5 26.Bb2 Ba6 27.Nd2 Bc8 28.Ra7 Nc6  0-1

[Event "Voronezh FIDE Open"]
[Site "Voronezh RUS"]
[Date "2011.06.18"]
[Round "7.41"]
[White "Sokolov,Y"]
[Black "Cho,S"]
[Result "0-1"]
[WhiteElo "1913"]
[BlackElo "1801"]

1.e4 c5 2.Nf3 Nc6 3.d4 cxd4 4.Nxd4 Qb6 5.Nb3 e6 6.Be3 Qc7 7.Nc3 a6 8.a3 Nf6
9.Be2 Be7 10.Qd2 d6 11.f4 b5 12.g4 Na5 13.g5 Nxb3 14.cxb3 Nd7 15.f5 Nc5 16.Bxc5 Qxc5
17.h4 Bb7 18.Rf1 Qe5 19.O-O-O Rc8 20.Bd3 h6 21.Rde1 hxg5 22.hxg5 Rh2 23.Qe3 Bxg5
24.Qxg5 Rxc3+ 25.Kb1 Rxd3 26.Qc1 Rdd2  0-1

[Event "Ladislava Kotana Mem"]
[Site "Kosice SVK"]
[Date "2011.06.26"]
[Round "3"]
[White "Lanyi,Julius"]
[Black "Krajnik,R"]
[Result "0-1"]
[WhiteElo "1975"]
[BlackElo "1859"]

1.e4 c5 2.Nf3 Nc6 3.d4 cxd4 4.Nxd4 Qc7 5.c4 a6 6.Nc3 e6 7.a3 Nf6 8.Be2 Be7
9.O-O O-O 10.Kh1 d6 11.Be3 Ne5 12.Rc1 Bd7 13.f4 Ng6 14.Qe1 Rac8 15.Qg3 Ne8
16.f5 Bh4 17.Qf3 Ne5 18.Qh5 Qd8 19.fxe6 fxe6 20.Rxf8+ Kxf8 21.Qxh7 Nf7 22.Bg4 Qf6
23.Kg1 Bg5 24.Nc2 Bxe3+ 25.Nxe3 Qg5 26.Qh3 Nf6 27.Rf1 Ke7 28.Kh1 Qe5 29.Qg3 Qxg3
30.hxg3 Nxg4 31.Nxg4 Rxc4 32.Kg1 Ng5 33.Ne3 Rd4 34.Rf4 Bc6 35.Rg4 Kf6 36.Rf4+ Kg6
37.Rg4 e5 38.Nf5 Rd2 39.Nxg7 Bd7 40.Nf5 Bxf5 41.exf5+ Kxf5 42.Rb4 b5 43.a4 bxa4
44.Rxa4 Rxb2 45.Rxa6 Rd2 46.Ra5 Rd3 47.Nd5 Ne4 48.Ne7+ Ke6 49.Ng6 Rxg3 50.Nh4 Rd3
51.Kf1 Rd2 52.Ke1 Rb2 53.Ra8 Nc5 54.Kf1 Kd5 55.Rd8 Ne4 56.Rd7 Ke6 57.Rd8 Ng3+
58.Kg1 e4 59.Re8+ Kf7 60.Rd8 Rd2 61.Kh2 Rd3 62.Kg1 d5 63.Rd7+ Ke6 64.Rd8 d4
65.Kf2 Nh1+ 66.Ke2 Ng3+ 67.Kf2 Kf6 68.Rd6+ Kg5 69.Ng6 Nf5 70.Re6 e3+ 71.Ke2 Rd2+
72.Ke1 Rxg2 73.Ne5 Ng3 74.Nf3+ Kf4 75.Rf6+ Ke4 76.Rf8 Re2+ 77.Kd1 Rf2 78.Ng5+ Kd3  0-1

[Event "Championnat de Corse"]
[Site "Bastia FRA"]
[Date "2011.07.01"]
[Round "7.4"]
[White "Geronimi,Pi"]
[Black "Vilaisarn,A"]
[Result "0-1"]
[WhiteElo "2014"]
[BlackElo "2257"]

1.e4 c5 2.Nf3 Nc6 3.d4 cxd4 4.Nxd4 Qb6 5.Nxc6 bxc6 6.Bd3 g6 7.Qe2 Bg7 8.Nd2 d6
9.O-O Nf6 10.Kh1 O-O 11.Nc4 Qc7 12.Bf4 Nh5 13.Bd2 d5 14.Ba5 Qb7 15.exd5 cxd5
16.Ne3 Nf4 17.Qf3 e5 18.g3 Nxd3 19.cxd3 Qb5 20.Bd2 Qxd3 21.Bb4 Bf5 22.Kg1 Be4
23.Qd1 Qxd1 24.Raxd1 Rfb8 25.Nxd5 Bxd5 26.Bd6 Bf3  0-1

[Event "6th Polonia Wroclaw Open A"]
[Site "Wroclaw POL"]
[Date "2011.07.05"]
[Round "2"]
[White "Weichhold,P"]
[Black "Macieja,B"]
[Result "1/2-1/2"]
[WhiteElo "2336"]
[BlackElo "2612"]

1.e4 c5 2.Nf3 Nc6 3.d4 cxd4 4.Nxd4 Qc7 5.Nc3 e6 6.Be3 a6 7.Bd3 b5 8.Nxc6 Qxc6
9.O-O Bb7 10.Kh1 Nf6 11.f3 Bc5 12.Qe1 d6 13.a4 bxa4 14.Bxc5 Qxc5 15.Nxa4 Qc7
16.b3 Nd7 17.f4 O-O 18.Qe3 Rfe8 19.h3 e5 20.f5 d5 21.exd5 Bxd5 22.c4 Bc6
23.Be4 Bxe4 24.Qxe4 Rab8 25.Qe3 e4 26.Rfd1 h6 27.Rac1 Nf6 28.c5 Re5 29.Rd6 a5
30.Nb6 Rxf5 31.Qd4 Re8 32.Nd5 Rxd5 33.Rxd5 Nxd5 34.Qxd5 e3 35.Qd6 Qc8 36.Re1 Re6
37.Qd4 e2 38.Qd2 Qxc5 39.Rxe2 Rxe2 40.Qxe2 g6 41.Qd3 h5 42.Qf3 h4 43.Qd3 Kg7
44.Qf3 Qd4 45.Qb7 Qa1+ 46.Kh2 Qe5+ 47.Kh1 g5 48.Qb6 Qe1+ 49.Kh2 Qg3+ 50.Kg1 Qe1+
51.Kh2 Qb4 52.Qd8 Qb5 53.Qd6 Qf5 54.Kg1 Kh7 55.Qc7 Qd5 56.Qc8 Kg7 57.Kh2 Qb5
58.Qd8 Qf5 59.Qd6 Kh7 60.Kg1 Qd5 61.Qc7 Kg7 62.Qc8 Kf6 63.Qc3+ Qe5 64.Qc6+ Kg7
65.Qb6 f6 66.Qb7+ Kg6 67.Qa8 Qc5+ 68.Kh1 Kf5 69.Qf3+ Ke6 70.Qd3 Qd5 71.Qa6+ Kf5
72.Qc8+ Ke5 73.Qc3+ Ke6 74.Qc8+ Kf7 75.Qc7+ Kg6 76.Qb8 Qe6 77.Qd8 Qe1+ 78.Kh2 Qe5+
79.Kh1 Qb5 80.Qg8+ Kf5 81.Qc8+ Ke4 82.Qc2+ Ke5 83.Qc3+ Ke6 84.Qc8+ Qd7 85.Qa6+ Kf7
86.Qxa5 Qd1+ 87.Kh2 Qd6+ 88.Kh1 Qd1+ 89.Kh2 Qxb3 90.Qd8 Qg3+ 91.Kh1 Qe1+
92.Kh2 Qe7 93.Qh8 f5 94.Qh7+ Ke6 95.Qg8+ Kd6 96.Qb8+ Qc7 97.Qg8 Qe7 98.Qb8+ Kd5
99.Qa8+ Ke5 100.Qh8+ Qf6 101.Qe8+ Kd6 102.Qb8+ Ke6 103.Qe8+ Qe7 104.Qg8+ Kf6
105.Qh8+ Kg6 106.Qg8+ Qg7 107.Qe8+ Qf7 108.Qc6+ Qf6 109.Qe8+ Kh6 110.Qb8 Qe6
111.Qf8+ Kg6 112.Qb8 g4 113.hxg4 fxg4 114.Qb1+ Kh6 115.Kh1 Qd5 116.Kg1 Qc5+
117.Kh1 Kg5 118.Qe1 g3 119.Qe3+ Qxe3  1/2-1/2

[Event "3rd Magic Valley"]
[Site "Rodatychi UKR"]
[Date "2011.07.07"]
[Round "4"]
[White "Petrenko,S"]
[Black "Mirzoev,E"]
[Result "0-1"]
[WhiteElo "2209"]
[BlackElo "2138"]

1.e4 c5 2.Nf3 Nc6 3.d4 cxd4 4.Nxd4 Qb6 5.Nb3 Nf6 6.Nc3 e6 7.a3 a6 8.Be2 Be7
9.Be3 Qc7 10.f4 d6 11.O-O O-O 12.Bf3 b5 13.g4 Bb7 14.Bg2 Rfe8 15.g5 Nd7 16.Qh5 b4
17.axb4 Nxb4 18.Rac1 Bf8 19.Rf3 g6 20.Qh4 Bg7 21.Rh3 Nf8 22.Bf2 a5 23.Nd4 Qd7
24.Nde2 a4 25.Bd4 e5 26.fxe5 Bxe5 27.Bxe5 Rxe5 28.Nd4 Qd8 29.Nf3 Rc5 30.e5 Qb6
31.Kh1 dxe5 32.Ne4 Bxe4 33.Qxe4 Rd8 34.Nxe5 Re8 35.Nd7 Rxe4 36.Nxb6 Re2 37.Nxa4 Rxg5
38.Bf1 Rxc2 39.Rxc2 Nxc2 40.Rc3 Nd4 41.Nc5 Nfe6 42.b4 Re5 43.Kg1 Nxc5 44.bxc5 Re7
45.Kf2 Rc7 46.Bg2 Kf8 47.Rd3 Ne6 48.c6 Nf4 49.Rd7 Rxd7 50.cxd7 Ke7 51.Bc6 Nd3+
52.Ke3 Ne5 53.Bb5 Nxd7 54.Kf4 Nc5 55.Kg5 h5 56.h4 Ne6+ 57.Kh6 Kf6 58.Bd3 Nf4  0-1

[Event "Naantalin Open"]
[Site "Naantali FIN"]
[Date "2011.07.09"]
[Round "8"]
[White "Sipila,V"]
[Black "Pudas,T"]
[Result "1-0"]
[WhiteElo "2289"]
[BlackElo "2228"]

1.e4 c5 2.Nf3 Nc6 3.d4 cxd4 4.Nxd4 Qb6 5.Nb3 Nf6 6.Nc3 e6 7.Bd3 Be7 8.Be3 Qc7
9.O-O a6 10.f4 d6 11.a4 b6 12.a5 b5 13.Qf3 Bb7 14.Qg3 O-O 15.Rfe1 Nd7 16.f5 Nde5
17.Ne2 Bf6 18.Nf4 Nxd3 19.cxd3 Bxb2 20.d4 Kh8 21.Ra2 Bc3 22.Rc1 b4 23.fxe6 Nd8
24.d5 fxe6 25.Nd4 exd5 26.Rf2 Re8 27.Rcf1 Qe7 28.Ng6+ hxg6 29.Bg5 Bxd4 30.Bxe7 Rxe7
31.Qh4+ Kg8 32.Qxe7 Rc8 33.h3 g5 34.Kh2 Bxf2 35.Rxf2 b3 36.Qe8+ Kh7 37.Rf8  1-0

[Event "6th Polonia Wroclaw Open A"]
[Site "Wroclaw POL"]
[Date "2011.07.09"]
[Round "8"]
[White "Somyk,M"]
[Black "Dudys,J"]
[Result "1-0"]
[WhiteElo "1931"]
[BlackElo "2195"]

1.e4 c5 2.Nf3 Nc6 3.d4 cxd4 4.Nxd4 Qc7 5.Nc3 e6 6.Be3 a6 7.Bd3 Nf6 8.O-O b5
9.Nxc6 Qxc6 10.a3 Bb7 11.Qe2 Be7 12.f4 d5 13.exd5 exd5 14.Nxb5 O-O 15.Nd4 Qc7
16.Rae1 Rfe8 17.Qf3 Ne4 18.Re2 Bf6 19.Rfe1 Kf8 20.c3 Nxc3 21.bxc3 Qxc3 22.Nc2 d4
23.Bd2 Bxf3 24.Rxe8+ Rxe8 25.Rxe8+ Kxe8 26.Bxc3 dxc3 27.gxf3 a5 28.Kf2 Ke7
29.Ke3 Kd6 30.Bb5 Kd5  1-0

[Event "ch-BRU"]
[Site "Bandar Seri Begawan BRU"]
[Date "2011.07.10"]
[Round "7"]
[White "Hj,Azahari Fatimah"]
[Black "Pg,L"]
[Result "1-0"]
[WhiteElo "2066"]
[BlackElo "2127"]

1.e4 c5 2.Nf3 Nc6 3.d4 cxd4 4.Nxd4 Qb6 5.Nb3 e6 6.Be3 Qc7 7.Nc3 Bb4 8.Bd2 a6
9.Be2 Nf6 10.O-O O-O 11.f3 b6 12.a3 Bd6 13.f4 Bc5+ 14.Nxc5 bxc5 15.e5 Ne8
16.Ne4 Nd4 17.Bd3 c4 18.Be2 a5 19.Bc3 Nf5 20.Qd2 Bb7 21.Ng5 h6 22.Nf3  1-0

[Event "111th ch-SUI"]
[Site "Leukerbad SUI"]
[Date "2011.07.10"]
[Round "4"]
[White "Studer,N"]
[Black "Nueesch,G"]
[Result "0-1"]
[WhiteElo "2076"]
[BlackElo "2366"]

1.e4 c5 2.Nf3 Nc6 3.d4 cxd4 4.Nxd4 Qb6 5.Nb3 Nf6 6.Nc3 e6 7.Be3 Qc7 8.Qd2 a6
9.O-O-O d6 10.f3 b5 11.Bxb5 axb5 12.Nxb5 Qb8 13.Nxd6+ Bxd6 14.Qxd6 Qxd6 15.Rxd6 Ne5
16.Bd4 Ng6 17.Kb1 O-O 18.Nc5 e5 19.Bc3 Ne8 20.Rc6 Rb8 21.Rd1 f6 22.Na4 Rf7
23.Rb6 Ra8 24.Rd8 Rd7 25.Rxd7 Bxd7 26.Nc5 Bc8 27.a4 Nh4 28.a5 Nxg2 29.Rc6 Kf7
30.b4 Nh4 31.b5 Nxf3 32.b6 Nd4 33.Bxd4 exd4 34.b7 Bxb7 35.Nxb7 Ke7 36.Kc1 Ra7
37.Rb6 Nc7 38.Kd2 Ne6 39.a6 Nc7 40.Nc5 Ra8 41.Kd3 Rc8 42.Rb7 Kd6 43.a7 Ra8
44.Nb3 Kc6 45.Na5+ Kd6 46.Rb6+ Kd7 47.Nc6 h5 48.Kxd4 Ne6+ 49.Ke3 Kc7 50.Rb8 Rxa7
51.Nxa7 Kxb8 52.Nb5 Kb7 53.Nc3 Kc6 54.Nd5 Kd6 55.Nf4 Nxf4 56.Kxf4 Ke6 57.c4 g5+
58.Ke3 Kd6 59.h3 Kc5 60.Kd3 h4 61.e5 fxe5 62.Ke4 g4 63.hxg4 h3 64.Kf3 e4+
65.Kg3 e3  0-1

[Event "6th Polonia Wroclaw Open A"]
[Site "Wroclaw POL"]
[Date "2011.07.10"]
[Round "9"]
[White "Czachor,R"]
[Black "Dudys,J"]
[Result "1/2-1/2"]
[WhiteElo "2039"]
[BlackElo "2195"]

1.e4 c5 2.Nf3 Nc6 3.d4 cxd4 4.Nxd4 Qc7 5.Nc3 e6 6.Be3 a6 7.Be2 Nf6 8.O-O Bb4
9.Bg5 Qe5 10.Nf3 Qa5 11.Bxf6 gxf6 12.Nb1 b5 13.Nbd2 Bb7 14.a4 bxa4 15.Nc4 Qc7
16.Rxa4 O-O  1/2-1/2

[Event "ch-Central Serbia Int Open B"]
[Site "Paracin SRB"]
[Date "2011.07.12"]
[Round "6.5"]
[White "Hrenic,M"]
[Black "Bratkovic,Sham"]
[Result "1-0"]
[WhiteElo "2044"]
[BlackElo "1792"]

1.e4 c5 2.Nf3 Nc6 3.d4 cxd4 4.Nxd4 Qc7 5.Nc3 e6 6.Be2 a6 7.Be3 Nf6 8.O-O Be7
9.f4 d6 10.Kh1 O-O 11.Qe1 Bd7 12.Qg3 Rac8 13.Rad1 Kh8 14.Bf3 b5 15.a3 Na5
16.e5 Ng8 17.Nf5 exf5 18.exd6 Bxd6 19.Nd5 Qb8 20.Bd4 f6 21.Nb6 Bc6 22.Bxc6 Rxc6
23.Nd7 Qc8 24.Nxf8 Bxf8 25.Rd3 Nc4 26.Rfd1 Nd6 27.c3 Ne4 28.Qh4 Bc5 29.Bxc5 Rxc5
30.Rd8 Qe6 31.Qe1 Rc8 32.R8d6 Qb3 33.Rxa6 Qxb2 34.Rb1 Qxc3 35.Qxc3 Nxc3 36.Rc1 Ne7
37.Rd6 Rc4 38.Rd8+ Ng8 39.g3 Na4 40.Re1 Re4 41.Rb1 Nc3 42.Rb3 Rc4 43.a4 bxa4
44.Rbb8 h6 45.Rxg8+ Kh7 46.Rge8  1-0

[Event "3rd International Open"]
[Site "Rethymno GRE"]
[Date "2011.07.12"]
[Round "3"]
[White "Moen,A"]
[Black "Jankovic,A"]
[Result "1/2-1/2"]
[WhiteElo "2333"]
[BlackElo "2586"]

1.e4 c5 2.Nf3 Nc6 3.d4 cxd4 4.Nxd4 Qb6 5.Nb3 Nf6 6.Bd3 d5 7.exd5 Nxd5 8.O-O g6
9.c4 Nf6 10.Nc3 Bg4 11.Be3 Qxe3 12.fxe3 Bxd1 13.Raxd1 O-O-O 14.e4 Ng4 15.Nd5 e6
16.Be2 Nge5 17.Ne3 h5 18.Rxd8+ Kxd8 19.Rd1+ Kc7 20.Nc2 a6 21.Kf1 Bg7 22.h3 h4
23.Nbd4 Nd7 24.Nxc6 bxc6 25.b3 a5 26.Kf2 Nc5 27.Bf3 f5 28.exf5 gxf5 29.b4 axb4
30.Nxb4 Ra8 31.Bxc6 Ra3 32.Bf3 Ra4 33.Nd3 Rxa2+ 34.Kf1 Nxd3 35.Rxd3 Rc2 36.Be2 Be5
37.Rd1 Bc3 38.Bh5 e5 39.Bg6 Bd4 40.Ke1 Bc3+ 41.Kf1 Bd4 42.Ke1 Rxg2 43.Bxf5 Kb6
44.Be4 Rh2 45.Rd3 Kc5 46.Bd5 Rc2 47.Kf1 Bc3 48.Re3 Bd4 49.Re4 Rf2+ 50.Kg1 Rf3+
51.Kh2 Be3 52.Rxh4 Bf4+ 53.Kg2 Rc3 54.Rh8 Kd4 55.h4 e4 56.Re8 Be5 57.h5 Rg3+
58.Kf1 Rh3 59.Rg8 Kd3 60.Ra8 Rh1+ 61.Kg2 Rh2+ 62.Kg1 Rc2 63.Ra3+ Bc3 64.h6 e3
65.Bf3 e2 66.Bxe2+ Kxe2 67.h7 Bd4+ 68.Kg2 Ke1+ 69.Kg3 Be5+ 70.Kg4 Rxc4+ 71.Kg5 Kf2
72.Ra8 Rc7 73.h8=Q Bxh8 74.Rxh8  1/2-1/2

[Event "Lev Polugaevsky Mem"]
[Site "Samara RUS"]
[Date "2011.07.13"]
[Round "9"]
[White "Kolomensky,V"]
[Black "Matsenko,A"]
[Result "1-0"]
[WhiteElo "2253"]
[BlackElo "2097"]

1.e4 c5 2.Nf3 Nc6 3.d4 cxd4 4.Nxd4 Qc7 5.Nc3 e6 6.g3 a6 7.Bg2 Nf6 8.O-O Be7
9.Nb3 O-O 10.f4 d6 11.a4 Nb4 12.Be3 Nd7 13.a5 Nc5 14.Nd4 Nc6 15.Qe2 Bd7 16.Rfb1 Nxd4
17.Bxd4 Bc6 18.Qc4 Rac8 19.f5 exf5 20.exf5 Qd7 21.Qf1 d5 22.f6 gxf6 23.Re1 Qd6
24.Qf5 Ne4 25.Nxe4 dxe4 26.c3 Bd7 27.Qxe4 Be6 28.Qh4 Rc4 29.Rad1 Rd8 30.Qh6 Bg4
31.Be4  1-0

[Event "3rd International Open"]
[Site "Rethymno GRE"]
[Date "2011.07.15"]
[Round "6"]
[White "Vas,P SWE"]
[Black "Ipatov,A ESP"]
[Result "1/2-1/2"]
[WhiteElo "2295"]
[BlackElo "2562"]

1.e4 c5 2.Nf3 Nc6 3.d4 cxd4 4.Nxd4 Qb6 5.Nb3 Nf6 6.Nc3 e6 7.Be3 Qc7 8.Bd3 d6
9.O-O a6 10.Na4 Nd7 11.c4 b6 12.Rc1 Be7 13.f4 O-O 14.Nc3 Bb7 15.Bb1 Rac8
16.Nd4 Nxd4 17.Bxd4 Bf6 18.b3 Rfe8 19.Kh1 Qc6 20.Bxf6 Nxf6 21.Qe2 e5 22.f5 Red8
23.Nd5 Kf8 24.Qd2 Qc5 25.b4 Qd4 26.Qxd4 exd4 27.Nxf6 gxf6 28.Rfd1 a5 29.bxa5 bxa5
30.Rxd4 Ke7 31.Kg1 Rc6 32.Kf2 Rb6 33.Bd3 Rb2+ 34.Rc2 Rxc2+ 35.Bxc2 Rb8 36.Ke3 Bc6
37.Rd2 Rb4 38.Bd3 Kd7 39.Kd4 Kc7 40.Kc3  1/2-1/2

[Event "ch-PHI w"]
[Site "Manila PHI"]
[Date "2011.07.16"]
[Round "1"]
[White "Shania,Mae Mendoza"]
[Black "Cherry,A"]
[Result "0-1"]
[WhiteElo "1788"]
[BlackElo "1949"]

1.e4 c5 2.Nf3 Nc6 3.d4 cxd4 4.Nxd4 Qb6 5.Nb3 Nf6 6.Nc3 e6 7.a3 a6 8.Bd3 d6
9.O-O Be7 10.Kh1 O-O 11.Be3 Qc7 12.f4 Re8 13.Qf3 Bf8 14.g4 b5 15.g5 Nd7 16.h4 Bb7
17.Kh2 Rac8 18.Qg3 Nc5 19.Nxc5 dxc5 20.e5 Ne7 21.Rad1 c4 22.Be4 Bxe4 23.Nxe4 Nf5
24.Qf2 Qc6 25.Nc3 a5 26.Rfe1 Rcd8 27.h5 b4 28.axb4 axb4 29.Rxd8 Rxd8 30.Nd1 Rd5
31.Kh3 c3 32.bxc3 bxc3 33.Qf3 Qc4 34.Bf2 Rd2 35.Nxc3 Rxf2 36.Qxf2 Qxc3+ 37.Kh2 Bc5
38.Qf1 Qg3+ 39.Kh1 Ne3  0-1

[Event "Oberwart Open"]
[Site "Oberwart AUT"]
[Date "2011.07.16"]
[Round "8"]
[White "Ladisic,A"]
[Black "Wiedner,R"]
[Result "0-1"]
[WhiteElo "2033"]
[BlackElo "2153"]

1.e4 c5 2.Nf3 Nc6 3.d4 cxd4 4.Nxd4 Qb6 5.Nb3 Nf6 6.Nc3 Qc7 7.Be2 d6 8.O-O g6
9.Be3 Bg7 10.f4 O-O 11.Kh1 b6 12.Bf3 Bb7 13.Rf2 Rac8 14.g4 Qb8 15.g5 Nd7
16.Bg2 Nc5 17.h4 Nb4 18.Bd4 e5 19.Bxc5 dxc5 20.f5 Nc6 21.f6 Rfd8 22.Nd5 Bf8
23.Qf1 Qd6 24.Rd1 Nd4 25.Ne3 Qc7 26.Nd2 Bc6 27.c4 Rd6 28.Qg1 Ne6 29.Nd5 Qb7
30.Bf3 b5 31.b3 Rcd8 32.h5 Bxd5 33.cxd5 Nf4 34.Rh2 Ra6 35.Nf1 c4 36.bxc4 bxc4
37.Qg3 Ra3 38.hxg6 fxg6 39.Rc2 Qa6 40.Rdc1 Rc8 41.Nh2 Rxa2 42.Rxa2 Qxa2 43.Bg4 Rb8
44.Be6+ Kh8 45.Ng4 Rb1 46.Rxb1 Qxb1+ 47.Kh2 Qc2+ 48.Kh1 Qxe4+ 49.Kh2 c3 50.Nh6 Qe2+
51.Kh1 Bxh6  0-1

[Event "III Corporation Cup A"]
[Site "Izhevsk RUS"]
[Date "2011.07.21"]
[Round "6"]
[White "Vorobjev,D"]
[Black "Kozionov,Kirill"]
[Result "1-0"]
[WhiteElo "2202"]
[BlackElo "2228"]

1.e4 c5 2.Nf3 Nc6 3.d4 cxd4 4.Nxd4 Qc7 5.Nb5 Qb8 6.a4 Nf6 7.N1c3 e6 8.Bg5 a6
9.Na3 Bb4 10.Bd3 Qe5 11.Bd2 d5 12.O-O d4 13.Ncb1 Qc7 14.c3 dxc3 15.bxc3 Ba5
16.Be3 Qe7 17.Nc4 Bc7 18.Nb6 Rb8 19.Na3 Ne5 20.Nac4 Neg4 21.Bc1 Bxh2+ 22.Kh1 Bc7
23.Ba3 Qd8 24.Be2 Nd7 25.Bxg4 Nxb6 26.Nd6+ Bxd6 27.Bxd6 Ra8 28.Qd4 Rg8 29.a5 Nc4
30.Bb4 Qxd4 31.cxd4 Bd7 32.Rfc1 Bb5 33.Be2 Rc8 34.Bc5 Nd2 35.Bb4 Nc4 36.e5 Kd7
37.Ra2 b6 38.axb6 Nxb6 39.Bxb5+ axb5 40.Ra7+ Kd8 41.Rc5 Rxc5 42.dxc5 Nc8
43.Ba5+ Ke8 44.Rc7 Ne7 45.c6 f6 46.exf6 gxf6 47.Bb4 Nd5 48.Rxh7 Kd8 49.Rb7 Nxb4
50.Rb8+ Kc7 51.Rxg8 Nxc6 52.Rg6 Kd6 53.Rxf6 b4 54.g4 Nd4 55.Rf8 b3 56.Kg2 Kc7
57.Rh8 Nb5 58.Rh3 Nd4 59.g5 Kd6 60.Rd3 e5 61.Kh3 Kd5 62.Kg4 Kc4 63.Rd1 Kc3
64.g6 Ne6 65.Kf5 Ng7+ 66.Kxe5 Kc2 67.Re1 Kd2 68.Rb1 Kc2 69.Rxb3 Kxb3 70.f4  1-0

[Event "III Corporation Cup A"]
[Site "Izhevsk RUS"]
[Date "2011.07.21"]
[Round "6"]
[White "Ipatov,A RUS2"]
[Black "Shurunov,As"]
[Result "1/2-1/2"]
[WhiteElo "2092"]
[BlackElo "2216"]

1.e4 c5 2.Nf3 Nc6 3.d4 cxd4 4.Nxd4 Qc7 5.Nc3 e6 6.Be2 a6 7.a3 Nf6 8.Be3 b5
9.O-O Bb7 10.Kh1 Be7 11.f4 d6 12.Bf3 O-O 13.f5 Nxd4 14.Qxd4 Rac8 15.Rad1 e5
16.Qd2 Rfd8 17.Qf2 Qc4 18.Be2 Qc6 19.Bf3 h6 20.Rd2 Qd7 21.Bb6 Re8 22.Re1 Rc4
23.Ba5 Rec8 24.Rd3 Ba8 25.b3 R4c6 26.Red1 Bd8 27.Bxd8 Qxd8 28.Qe3 Qc7 29.Ne2 Kh7
30.h3 Rxc2 31.Rxd6 Bb7 32.Kh2 Qc5 33.Qd3 Qxa3 34.Rb6 Ba8 35.Rd6 Qa2 36.Re1 Bb7
37.Rb6 Rd2 38.Qe3 Ba8 39.Rxa6 Qxa6 40.Qxd2 Nxe4 41.Qe3 Nc5 42.b4 Bxf3 43.Qxf3 e4
44.Qg4 Nd3 45.Rb1 Rc4 46.Ng3 Qd6 47.f6 Qxf6 48.Rf1 Qg6 49.Qd7 Rxb4 50.Rf5 Rb2
51.Qd4 Rb4 52.Qd5 Qe6 53.Qd8 Rb2 54.Qd4 b4 55.Nh5 f6 56.Rb5 Re2 57.Rb7 Qe5+
58.Qxe5 Nxe5 59.Rxg7+ Kh8 60.Rb7 Rf2 61.Rxb4 f5 62.Rb5 Nf7 63.Rb7 Kg8 64.Kg3 Rf1
65.Rb8+ Kh7 66.Rb7 Kg6 67.Nf4+ Kg7 68.Nd5 h5 69.h4 Kg6 70.Rb6+ Kg7 71.Rb7  1/2-1/2

[Event "4th Paleohora Open"]
[Site "Paleochora GRE"]
[Date "2011.07.21"]
[Round "2"]
[White "Hristodoulou,P"]
[Black "Ipatov,A ESP"]
[Result "0-1"]
[WhiteElo "2174"]
[BlackElo "2562"]

1.e4 c5 2.Nf3 Nc6 3.d4 cxd4 4.Nxd4 Qb6 5.Nb3 Nf6 6.Nc3 e6 7.a3 Qc7 8.Bg5 Be7
9.f4 a6 10.e5 Nxe5 11.Bxf6 Bxf6 12.fxe5 Bxe5 13.Qd3 Bxh2 14.O-O-O h6 15.Be2 d5
16.Bh5 O-O 17.Kb1 Be5 18.Nd4 b5 19.Nce2 Rb8 20.Qe3 Bd7 21.Rhf1 b4 22.axb4 Rxb4
23.g4 f6 24.g5 Rfb8 25.b3 hxg5 26.Bg6 Ra4 27.Kb2 Qc5 28.Qc3 Rc4 29.Qe3 Ra4
30.Kc1 Ra2 31.Qh3 Qa5 32.Rh1 Kf8 33.Qc3 Ra1+ 34.Kd2 Rxd1+ 35.Rxd1 Qxc3+ 36.Kxc3 f5
37.Ra1 Bb5 38.Bh5 Rc8+ 39.Kd2 Bxe2 40.Bxe2 Bxd4 41.Rxa6 Bc3+ 42.Kd1 Ke7  0-1

[Event "4th Paleohora Open"]
[Site "Paleochora GRE"]
[Date "2011.07.21"]
[Round "3"]
[White "Georgiadis,I"]
[Black "Ornithopoulos,N"]
[Result "1-0"]
[WhiteElo "2464"]
[BlackElo "2096"]

1.e4 c5 2.Nf3 Nc6 3.d4 cxd4 4.Nxd4 Qb6 5.Nb3 Nf6 6.Nc3 e6 7.Qe2 Bb4 8.Bd2 O-O
9.a3 Be7 10.O-O-O d5 11.e5 Ne8 12.Be3 Qc7 13.f4 Na5 14.Kb1 Nc4 15.Bd4 Bd7
16.f5 Qc6 17.Qf3 f6 18.exf6 Nxf6 19.fxe6 Bxe6 20.Bxc4 dxc4 21.Qxc6 bxc6 22.Na5 Bg4
23.Rde1 c5 24.Be3 Rfe8 25.Nxc4 Be6 26.Na5 Nd5 27.Bd2 Nxc3+ 28.Bxc3 Bd5 29.Re5 Bf7
30.Rhe1 Bd6 31.Rxe8+ Rxe8 32.Rxe8+ Bxe8 33.g3 g5 34.Nc4 Bc7 35.Be5 Bxe5 36.Nxe5 Kg7
37.Kc1 Kf6 38.Ng4+ Kf5 39.Nf2 h5 40.Kd2 Ke5 41.Ke3 Bg6 42.c4 a5 43.Nd3+ Kd6
44.Kd2 a4 45.Kc3 Bf5 46.Ne1 Bg4 47.Kd3 Ke5 48.Ke3 Be6 49.Nd3+ Kd6 50.Nf2 Bxc4
51.Ne4+ Ke5 52.Nxg5 Bd5 53.Nh3 Kf5 54.Nf2 Bc6 55.Kd3 Bb5+ 56.Kc3 Ke5 57.Nd3+ Kd6
58.Nf4 Be8 59.Kd3 Kc6 60.h3 Bf7 61.g4 hxg4 62.hxg4 Kd6 63.Ke4 Ba2 64.g5 Bb1+
65.Ke3 Ke7 66.Nd3 c4 67.Nc5  1-0